A passage to India
Guardado en:
| Autor principal: | |
|---|---|
| Formato: | Libro |
| Lenguaje: | Undetermined |
| Publicado: |
New York
Everyman's Library
1991
|
| Materias: | |
| Etiquetas: |
Agregar Etiqueta
Sin Etiquetas, Sea el primero en etiquetar este registro!
|
| Thư viện lưu trữ: | Trung tâm Học liệu Trường Đại học Cần Thơ |
|---|
| LEADER | 00498nam a2200181Ia 4500 | ||
|---|---|---|---|
| 001 | CTU_11174 | ||
| 008 | 210402s9999 xx 000 0 und d | ||
| 082 | |a 823.9 | ||
| 082 | |b F733 | ||
| 100 | |a Forster, E M | ||
| 245 | 2 | |a A passage to India | |
| 245 | 0 | |c E M Forster | |
| 260 | |a New York | ||
| 260 | |b Everyman's Library | ||
| 260 | |c 1991 | ||
| 650 | |a english fiction - 20th century | ||
| 904 | |i Nguyễn Quang Điền, 961016 | ||
| 980 | |a Trung tâm Học liệu Trường Đại học Cần Thơ | ||